Égloga trovada / (Record no. 59349)

MARC details
000 -LEADER
campo de control de longitud fija 01139nam a2200265 i 4500
001 - NÚMERO DE CONTROL
campo de control 59349
003 - IDENTIFICADOR DE NÚMERO DE CONTROL
campo de control ES-MaACL
005 - FECHA Y HORA DE LA ÚLTIMA TRANSACCIÓN
campo de control 20240428063031.0
007 - CAMPO FIJO DE DESCRIPCIÓN FÍSICA--INFORMACIÓN GENERAL
campo de control de longitud fija t|
008 - DATOS DE LONGITUD FIJA--INFORMACIÓN GENERAL
campo de control de longitud fija 031028s1907 sp |||| | spa d
040 ## - FUENTE DE CATALOGACIÓN
Centro/agencia transcriptor ES-MaACL
080 ## - NÚMERO DE LA CLASIFICACIÓN DECIMAL UNIVERSAL
Número de la Clasificación Decimal Universal 821.134.2-251"14/15"
100 1# - ENTRADA PRINCIPAL--NOMBRE DE PERSONA
Nombre de persona Encina, Juan del,
Fechas asociadas al nombre 1469-1529
9 (RLIN) 47173
Término indicativo de función/relación Autor
245 10 - MENCIÓN DEL TÍTULO
Título Égloga trovada /
Mención de responsabilidad, etc. por Juan del Encina a la Natividad de Jesucristo ; arreglada por Julio Puyol y Alonso ; se representó en el Ateneo de Madrid el día 28 de diciembre de 1906.
260 ## - PUBLICACIÓN, DISTRIBUCIÓN, ETC.
Lugar de publicación, distribución, etc. Madrid :
Nombre del editor, distribuidor, etc. [s.n.],
Fecha de publicación, distribución, etc. 1907
Fabricante (Imp. de la Suc. de M. Minuesa de los Ríos)
300 ## - DESCRIPCIÓN FÍSICA
Extensión 31 páginas ;
Dimensiones 20 cm.
530 ## - NOTA DISPONIBLE DE FORMULARIO FÍSICO ADICIONAL
Nota de formato físico adicional disponible Disponible en formato digital
610 24 - PUNTO DE ACCESO ADICIONAL DE MATERIA--NOMBRE DE ENTIDAD CORPORATIVA
Nombre de entidad corporativa o nombre de jurisdicción como elemento de entrada Ateneo de Madrid-
Subdivisión de forma Veladas literarias.
9 (RLIN) 1935
700 1# - ENTRADA AGREGADA--NOMBRE PERSONAL
Nombre de persona Puyol y Alonso, Julio,
Fechas asociadas al nombre 1865-1937
9 (RLIN) 94454
Término indicativo de función/relación Arreglista
852 4# - LOCALIZACIÓN
Ubicación ES-MaACL
Ubicación en estantería Depósito folletos
Anotaciones manuscritas Dedicatoria autógrafa de Julio Puyol y Alonso
Número de control de estantería T-1114-F-2
856 4# - LOCALIZACIÓN Y ACCESO ELECTRÓNICOS
Identificador Uniforme de Recursos <a href="https://archive.org/details/glogatrovadapor00puyogoog/page/n7/mode/2up">https://archive.org/details/glogatrovadapor00puyogoog/page/n7/mode/2up</a>
Texto de enlace Versión en línea
Nota pública (Internet Archive)
942 ## - ELEMENTOS DE ENTRADA SECUNDARIOS (KOHA)
Tipo de ítem Koha Folleto
Suprimir en OPAC No
Holdings
Estatus retirado Estado de pérdida Estado de daño No para préstamo Colección Biblioteca de origen Biblioteca actual Ubicación en estantería Fecha de adquisición Fuente de adquisición Total de préstamos Signatura topográfica completa Código de barras Visto por última vez Precio de reemplazo Tipo de ítem Koha
        Colección de folletos Biblioteca del Ateneo de Madrid Biblioteca del Ateneo de Madrid Depósito folletos 17/01/2008     T-1114-F-2 1062252 23/02/2023 23/02/2023 Folleto